[Event "Titled Tuesday intern op 11th Mar Early"]
[Site "Chess.com INT"]
[Date "2025.03.11"]
[Round "9"]
[White "Bjerre, Jonas Buhl"]
[Black "Nigalidze, Gaioz"]
[Result "1-0"]
[WhiteElo "2637"]
[BlackElo "2368"]
[PlyCount "71"]
[EventDate "2025.03.11"]
[EventType "swiss (blitz)"]
[EventRounds "11"]
[EventCountry "USA"]
[SourceTitle "CB12_2025"]
[SourceDate "2025.03.19"]
[SourceVersion "1"]
[SourceVersionDate "2025.03.19"]
[SourceQuality "1"]

1. e4 c5 2. Nf3 d6 3. Bc4 Nf6 4. d3 e6 5. 0-0 Nc6 6. c3 Na5 7. Bb5+ Bd7 8. a4 Be7 9. Bf4 e5 10. Bg5 0-0 11. Bxf6 Bxf6 12. Bxd7 Qxd7 13. Nbd2 d5 14. Qe2 Rad8 15. Rfd1 Rfe8 16. h4 d4 17. cxd4 cxd4 18. b4 Nc6 19. Rab1 a6 20. b5 Na5 21. bxa6 bxa6 22. Rb6 Ra8 23. Nf1 Bd8 24. Rbb1 Qxa4 25. Ng3 g6 26. h5 Qd7 27. Rdc1 Nc6 28. Rc5 a5 29. Rbc1 Re6 30. Qc2 Rc8 31. Nxe5 Nxe5 32. Rxc8 Kg7 33. Qd2 h6 34. hxg6 Nxg6 35. Nf5+ Kg8 36. Qxh6 1-0

[Event "Titled Tuesday intern op 11th Mar Late"]
[Site "Chess.com INT"]
[Date "2025.03.11"]
[Round "5"]
[White "Bjerre, Jonas Buhl"]
[Black "Sarana, Alexey"]
[Result "1-0"]
[WhiteElo "2637"]
[BlackElo "2689"]
[PlyCount "83"]
[EventDate "2025.03.11"]
[EventType "swiss (blitz)"]
[EventRounds "11"]
[EventCountry "USA"]
[SourceTitle "CB12_2025"]
[SourceDate "2025.03.19"]
[SourceVersion "1"]
[SourceVersionDate "2025.03.19"]
[SourceQuality "1"]

1. e4 e5 2. Nf3 Nc6 3. Bc4 Nf6 4. d3 Bc5 5. a4 d6 6. a5 a6 7. c3 0-0 8. Bg5 Ne7 9. Bxf6 gxf6 10. Nbd2 Ng6 11. g3 f5 12. Qe2 Ba7 13. h4 Kh8 14. h5 Ne7 15. Nh4 c6 16. exf5 Nxf5 17. Ndf3 Nxh4 18. Nxh4 Qf6 19. Bb3 d5 20. 0-0-0 Bd7 21. Kb1 Rae8 22. Rdf1 Qg5 23. Bd1 Re7 24. f4 exf4 25. gxf4 Qf6 26. Qh2 Rg8 27. d4 Bb8 28. Bc2 Bc7 29. Rhg1 Rxg1 30. Rxg1 Bxf4 31. Qg2 Re8 32. Nf3 Bf5 33. Bxf5 Qxf5+ 34. Ka2 Qf6 35. h6 Qxh6 36. Qg4 Be3 37. Ne5 Qf6 38. Re1 Bh6 39. Rh1 Bg7 40. Qh5 Kg8 41. Qxh7+ Kf8 42. Nd7+ 1-0

[Event "Titled Tuesday intern op 11th Mar Late"]
[Site "Chess.com INT"]
[Date "2025.03.11"]
[Round "7"]
[White "Firouzja, Alireza"]
[Black "Bjerre, Jonas Buhl"]
[Result "1-0"]
[WhiteElo "2757"]
[BlackElo "2637"]
[PlyCount "135"]
[EventDate "2025.03.11"]
[EventType "swiss (blitz)"]
[EventRounds "11"]
[EventCountry "USA"]
[SourceTitle "CB12_2025"]
[SourceDate "2025.03.19"]
[SourceVersion "1"]
[SourceVersionDate "2025.03.19"]
[SourceQuality "1"]

1. e4 c5 2. Nf3 g6 3. d4 cxd4 4. Nxd4 Bg7 5. Nc3 Nc6 6. Nb3 d6 7. Be2 Nf6 8. 0-0 0-0 9. Re1 a6 10. a4 Na5 11. e5 Nxb3 12. exf6 Nxc1 13. fxe7 Qxe7 14. Bf3 Qh4 15. Qxc1 Bxc3 16. bxc3 Be6 17. Bxb7 Ra7 18. Bf3 Rc8 19. Qe3 Rac7 20. Qb6 Rxc3 21. Qxd6 Rxc2 22. Qg3 Qd4 23. h4 Rd2 24. h5 Rcc2 25. h6 Qxf2+ 26. Qxf2 Rxf2 27. Rab1 Rb2 28. Red1 f5 29. Rxb2 Rxb2 30. Rd8+ Kf7 31. Rh8 Kf6 32. Rxh7 Rb8 33. Ra7 Rh8 34. Rxa6 Ke5 35. a5 Rxh6 36. Rxe6+ Kxe6 37. a6 Rh7 38. Bb7 Kf6 39. a7 Rxb7 40. a8Q Re7 41. Qf8+ Rf7 42. Qd6+ Kg7 43. Kf2 Rf6 44. Qe7+ Rf7 45. Qe8 g5 46. Kf3 Rf6 47. Qe7+ Kg6 48. Ke3 Rf7 49. Qe6+ Rf6 50. Qg8+ Kh6 51. Kd4 Ra6 52. Ke5 Ra5+ 53. Kf6 Ra6+ 54. Kxf5 Ra5+ 55. Kg4 Ra4+ 56. Kg3 Rf4 57. Qe6+ Kh5 58. Qe5 Kg6 59. Qe6+ Kh5 60. Kh2 Rh4+ 61. Kg1 Rf4 62. g3 Rf8 63. Kg2 g4 64. Qe7 Rf5 65. Qh4+ Kg6 66. Qxg4+ Rg5 67. Qe4+ Rf5 68. g4 1-0

[Event "Titled Tuesday intern op 11th Mar Late"]
[Site "Chess.com INT"]
[Date "2025.03.11"]
[Round "3"]
[White "Jaracz, Pawel"]
[Black "Bjerre, Jonas Buhl"]
[Result "0-1"]
[WhiteElo "2445"]
[BlackElo "2637"]
[PlyCount "114"]
[EventDate "2025.03.11"]
[EventType "swiss (blitz)"]
[EventRounds "11"]
[EventCountry "USA"]
[SourceTitle "CB12_2025"]
[SourceDate "2025.03.19"]
[SourceVersion "1"]
[SourceVersionDate "2025.03.19"]
[SourceQuality "1"]

1. e4 c5 2. Nf3 g6 3. c4 Bg7 4. d4 cxd4 5. Nxd4 Nc6 6. Be3 Qb6 7. Nb3 Qd8 8. Qd2 Nf6 9. Nc3 Ng4 10. Bf4 d6 11. Be2 a5 12. Bxg4 Bxg4 13. 0-0 a4 14. Nc1 Be6 15. Nd5 a3 16. Nd3 axb2 17. Nxb2 0-0 18. Bh6 Qa5 19. Qc1 Rfc8 20. Bxg7 Kxg7 21. Nd3 Qa3 22. Qd2 Na5 23. N3f4 Bxd5 24. cxd5 Qc3 25. Qe2 Qe5 26. Nd3 Qd4 27. Rad1 Nc4 28. g3 Ra3 29. Kg2 b5 30. h4 Rca8 31. Nc1 Qe5 32. Rd3 Rxd3 33. Nxd3 Qd4 34. h5 Ra3 35. Rd1 g5 36. h6+ Kf8 37. Qg4 Ra8 38. Nb4 Qf6 39. Nc6 Qxh6 40. Nd4 Qf6 41. Nf5 e6 42. dxe6 fxe6 43. Nxd6 Ne5 44. Qh5 h6 45. Nxb5 Rxa2 46. Rf1 g4 47. Nd4 Ng6 48. Qc5+ Kg7 49. Qc7+ Kg8 50. Qc8+ Nf8 51. Qc4 Rd2 52. Ne2 Qf3+ 53. Kg1 Qxe2 54. Qc7 Rd1 55. Rxd1 Qxd1+ 56. Kg2 Qf3+ 57. Kg1 Qxe4 0-1

[Event "Titled Tuesday intern op 11th Mar Late"]
[Site "Chess.com INT"]
[Date "2025.03.11"]
[Round "11"]
[White "Saydaliev, Saidakbar"]
[Black "Bjerre, Jonas Buhl"]
[Result "0-1"]
[WhiteElo "2461"]
[BlackElo "2637"]
[PlyCount "100"]
[EventDate "2025.03.11"]
[EventType "swiss (blitz)"]
[EventRounds "11"]
[EventCountry "USA"]
[SourceTitle "CB12_2025"]
[SourceDate "2025.03.19"]
[SourceVersion "1"]
[SourceVersionDate "2025.03.19"]
[SourceQuality "1"]

1. e4 c5 2. Nf3 g6 3. d4 cxd4 4. Nxd4 Bg7 5. c4 Nc6 6. Be3 Qb6 7. Nb5 Qa5+ 8. N5c3 Qb4 9. Qb3 Qxb3 10. axb3 Nf6 11. Be2 d6 12. Na3 0-0 13. Nc2 Be6 14. f3 Rfc8 15. Kf2 Nd7 16. Ra3 a5 17. Rd1 Nb4 18. Rd2 Nc5 19. Nd4 Bd7 20. Nd5 Nxd5 21. exd5 a4 22. b4 Bxd4 23. Rxd4 Nb3 24. Re4 e5 25. dxe6 Bxe6 26. Bf4 d5 27. cxd5 Bxd5 28. Re5 Be6 29. Bb5 Rc2+ 30. Re2 Rxe2+ 31. Bxe2 Nd4 32. Bd1 b5 33. Rd3 Nc6 34. Bd2 Ne5 35. Rd4 Kf8 36. Bc3 Nc4 37. Be2 a3 38. bxa3 Rxa3 39. Rd3 Ra2 40. Kf1 Bf5 41. Rd8+ Ke7 42. Rb8 Ne3+ 43. Ke1 Nxg2+ 44. Kf1 Ne3+ 45. Ke1 Ng2+ 46. Kf1 Bh3 47. Bxb5 Nh4+ 48. Ke1 Nxf3+ 49. Kd1 Be6 50. Bc6 Bb3+ 0-1